| 000 | 00584nam a2200169Ia 4500 | ||
|---|---|---|---|
| 003 | GCL | ||
| 008 | 140319s9999 xx 000 0 ara d | ||
| 040 |
_aGCL / _cGCL |
||
| 082 | 0 | 4 |
_a621.1 _bر ب |
| 100 | 1 | _aرمضان احمد محمود | |
| 245 | 1 | 0 |
_aالبخار: مبادى وتطبيقات ( النص بالعربية والانجليزية) / _cرمضان احمد محمود |
| 260 |
_a[S.N] : _bمكتبه النهضه المصريه ، _c1984 |
||
| 300 | _a274 ص | ||
| 490 |
_aمجموعة الكتب الهندسية _v0 |
||
| 650 | 0 | 4 | _aالبخار |
| 942 |
_2ddc _cBK |
||
| 999 |
_c46909 _d46909 |
||